Discurso acerca de la primitiva poesía lírica española (Record no. 94101)

MARC details
000 -LEADER
campo de control de longitud fija 00868nam a2200217 i 4500
001 - NÚMERO DE CONTROL
campo de control 94101
003 - IDENTIFICADOR DE NÚMERO DE CONTROL
campo de control ES-MaACL
005 - FECHA Y HORA DE LA ÚLTIMA TRANSACCIÓN
campo de control 20231227062629.0
007 - CAMPO FIJO DE DESCRIPCIÓN FÍSICA--INFORMACIÓN GENERAL
campo de control de longitud fija t|
008 - DATOS DE LONGITUD FIJA--INFORMACIÓN GENERAL
campo de control de longitud fija 030605s1919 sp |||| | spa d
080 ## - NÚMERO DE LA CLASIFICACIÓN DECIMAL UNIVERSAL
Número de la Clasificación Decimal Universal 821.134.2-14.09"12/14"
100 1# - ENTRADA PRINCIPAL--NOMBRE DE PERSONA
Nombre de persona Menéndez Pidal, Ramón,
Fechas asociadas al nombre 1869-1968
9 (RLIN) 80315
245 10 - MENCIÓN DEL TÍTULO
Título Discurso acerca de la primitiva poesía lírica española
Resto del título : leído en la inauguración del curso de 1919-1920 /
Mención de responsabilidad, etc. por Ramón Menéndez Pidal el día 29 de noviembre de 1919.
260 ## - PUBLICACIÓN, DISTRIBUCIÓN, ETC.
Lugar de publicación, distribución, etc. Madrid :
Nombre del editor, distribuidor, etc. Ateneo Científico, Literario y Artístico de Madrid,
Fecha de publicación, distribución, etc. [1919]
300 ## - DESCRIPCIÓN FÍSICA
Extensión 85 p. ;
Dimensiones 23 cm.
610 27 - PUNTO DE ACCESO ADICIONAL DE MATERIA--NOMBRE DE ENTIDAD CORPORATIVA
Nombre de entidad corporativa o nombre de jurisdicción como elemento de entrada Ateneo de Madrid-
Subdivisión de forma Discursos de apertura-
Subdivisión cronológica S.XX.
9 (RLIN) 1913
650 14 - PUNTO DE ACCESO ADICIONAL DE MATERIA--TÉRMINO DE MATERIA
Término de materia o nombre geográfico como elemento de entrada Poesía lírica española-
Subdivisión cronológica Hasta S.XV-
Subdivisión general Historia y crítica.
9 (RLIN) 162976
710 2# - ENTRADA AGREGADA--NOMBRE DE ENTIDAD CORPORATIVA
Nombre de entidad corporativa o nombre de jurisdicción como elemento de entrada Ateneo de Madrid.
9 (RLIN) 1875
852 ## - LOCALIZACIÓN
Ubicación ES-MaACL
Número de control de estantería 1658-F-16
Holdings
Estatus retirado Estado de pérdida Estado de daño No para préstamo Colección Biblioteca de origen Biblioteca actual Ubicación en estantería Fecha de adquisición Fuente de adquisición Total de préstamos Signatura topográfica completa Código de barras Visto por última vez Precio de reemplazo Tipo de ítem Koha
        Colección de folletos Biblioteca del Ateneo de Madrid Biblioteca del Ateneo de Madrid Depósito folletos 17/01/2008     1658-F-16 1098281 23/02/2023 23/02/2023 Folleto